Cuadernos de Salud Publica 75. (Registro nro. 1470)
[ vista simple ]
| 000 -LEADER | |
|---|---|
| fixed length control field | 00823nam a2200253 a 4500 |
| 003 - CONTROL NUMBER IDENTIFIER | |
| control field | OSt |
| 005 - FECHA ULTIMA MODIFICACION | |
| control field | 20130530184058.0 |
| 008 - FIXED-LENGTH DATA ELEMENTS--GENERAL INFORMATION | |
| fixed length control field | 130530s1981 ag ||||| |||| 00| 0 spa d |
| 022 ## - INTERNATIONAL STANDARD SERIAL NUMBER | |
| International Standard Serial Number | 92 4 330075 X |
| 040 ## - CATALOGING SOURCE | |
| Transcribing agency | Biblioteca Medicina |
| 041 ## - LANGUAGE CODE | |
| Language code of text/sound track or separate title | spa |
| 082 ## - DEWEY DECIMAL CLASSIFICATION NUMBER | |
| Classification number | OMS CSP 75 |
| 100 1# - MAIN ENTRY--PERSONAL NAME | |
| Personal name | Mangay-Maglacas, A. |
| 9 (RLIN) | 2373 |
| 245 00 - TITLE STATEMENT | |
| Title | Cuadernos de Salud Publica 75. |
| Remainder of title | La partera tradicional en siete paises, Ejemplos practicos de utilizacion y adiestramiento |
| 250 ## - EDITION STATEMENT | |
| Edition statement | 1° ed. |
| 260 ## - PUBLICATION, DISTRIBUTION, ETC. (IMPRINT) | |
| Place of publication, distribution, etc | Ginebra |
| Name of publisher, distributor, etc | Organizacion Mundial de la Salud |
| Date of publication, distribution, etc | 1981 |
| 300 ## - PHYSICAL DESCRIPTION | |
| Extent | 283 p. |
| 653 ## - INDEX TERM--UNCONTROLLED | |
| Uncontrolled term | SALUD PUBLICA |
| 653 ## - INDEX TERM--UNCONTROLLED | |
| Uncontrolled term | OBSTETRICIA |
| 653 ## - INDEX TERM--UNCONTROLLED | |
| Uncontrolled term | ENFERMERIA OBSTETRICA |
| 700 10 - ADDED ENTRY--PERSONAL NAME | |
| Personal name | Pizurki, H |
| 9 (RLIN) | 2374 |
| 942 ## - ADDED ENTRY ELEMENTS (KOHA) | |
| Source of classification or shelving scheme | Dewey Decimal Classification |
| Koha item type | Hemeroteca |
| Withdrawn status | Lost status | Fuente de clasificación | Damaged status | Not for loan | Colección | Ubicación permanente | Ubicación actual | Sala de ubicación | Fecha de adquisición | Total Checkouts | Número de clasificación | Código de barras | Date last seen | Número de ejemplar | Price effective from | Koha tipo de elemento (item) |
|---|---|---|---|---|---|---|---|---|---|---|---|---|---|---|---|---|
| Dewey Decimal Classification | Non-fiction | Biblioteca Medicina | Biblioteca Medicina | Circulación | 30/05/2013 | OMS CSP 75 | H0009 | 06/11/2014 | Ej. 1 | 30/05/2013 | Hemeroteca |